Transforming cities (Record no. 75104)

MARC details
000 -LEADER
fixed length control field 01324cab a2200181 4500
001 - CONTROL NUMBER
control field L129425
008 - FIXED-LENGTH DATA ELEMENTS--GENERAL INFORMATION
fixed length control field 050419n2005 000 0 eng u
035 ## - SYSTEM CONTROL NUMBER
System control number (Sirsi) u129425
041 ## - LANGUAGE CODE
Language code of text/sound track or separate title eng
100 ## - MAIN ENTRY--PERSONAL NAME
Personal name Corbett, Nick
245 ## - TITLE STATEMENT
Title Transforming cities
260 ## - PUBLICATION, DISTRIBUTION, ETC.
Date of publication, distribution, etc. 2005
490 ## - SERIES STATEMENT
Series statement Green Places
Volume/sequential designation April 2005, 16-18(3)
520 ## - SUMMARY, ETC.
Summary, etc. Charts the influence of the public realm on urban regeneration from Victorian Britain to present day Lebanon. Discusses how public spaces reflect national values and also the re-emergence of civic pride in Britain including the government sustainable urban communities policy. Gives examples of increasing public interest in urban regeneration projects such as London's Trafalgar Square, Exhibition Road and Kensington High Street improvements. Presents a case study of the regeneration of Birmingham city centre. Suggests that new ideas about trust, pedestrian freedom and responsible behaviour between different users of urban space are now being aired in refreshing ways. Concludes that the new tools and delivery vehicles of urban regeneration are resulting in levels of urban investment comparable to Victorian times and are supporting civic renewal.
590 ## - LOCAL NOTE (RLIN)
Local note IKA290405
690 ## - LOCAL SUBJECT ADDED ENTRY--TOPICAL TERM (OCLC, RLIN)
Topical term or geographic name as entry element ENVIRONMENTAL AND LAND CONSULTANCY-SUSTAINABILITY-SUSTAINABLE DEVELOPMENT
942 ## - ADDED ENTRY ELEMENTS (KOHA)
Suppress in OPAC 0
Holdings
Withdrawn status Lost status Source of classification or shelving scheme Damaged status Not for loan Home library Current library Shelving location Date acquired Total Checkouts Full call number Barcode Date last seen Copy number Price effective from Koha item type
    Dewey Decimal Classification     London London Journal article 19/04/2005   L129425 129425-1001 06/08/2019 1 06/08/2019 Journal article